000 00434nam a2200181Ia 4500
001 25266
005 20260414151138.0
008 260414t2015||||xx |||||||||||||| ||spa||
041 _aESP
082 _a346.43
_bM84
100 _aMejorada Chauca, Martín
_eAUT
245 0 _aLa nueva propiedad horizontal
_b
260 _c2015
300 _a494 páginas :
_c25 cm.
650 _aDER
654 _aCDE
942 _cLIB
_dJUS
_fJUS
_2ddc
_n
999 _c25266
_d25266